Diffusion and adsorption of hydrogen in a porous nickel catalyst /

Guardado en:
Otros Autores: Doerner, William Allen. (Disertante)
Formato: Manuscrito
Idioma:English
Publicado: 1953.
Materias:
Etiquetas: Agregar Etiqueta
Sin Etiquetas, Sea el primero en etiquetar este registro!
LEADER 00901ntm a22002175a 4500
001 EIQ.libpla000160
008 051012s1953####xxu######bm###000#0#eng#d
005 20060519154243.0
245 1 0 |a Diffusion and adsorption of hydrogen in a porous nickel catalyst /  |c William Allen Doerner. 
260 |c 1953. 
300 |a 121 p. ;  |c 21 cm. 
500 |a "A Dissertation Submitted in Partial Fulfillment of the Requirements for the Degree of Doctor of Sciencie in the University of Michigan". 
502 |a Tesis (doctorado)--Universidad de Michigan, 1952. 
500 |a Director de tesis: R.R. White, Chairman. 
504 |a Incluye referencias bibliográficas. 
100 1 |a Doerner, William Allen.  |4 dis 
710 2 |a University of Michigan  |4 dgg. 
650 4 |a Catalizadores  |x Adsorción. 
650 4 |a Catalyst  |x Adsorption. 
040 |a AR-BbSID  |b spa  |c AR-BbSID 
859 |a AR-BbSID  |b BIB. PLAPIQUI  |h 541.395  |i D 673  |p 365